le naturalisme - Statistiques

Statistiques générales
  • Ce quiz a été pris 7 fois
  • Le résultat moyen est 4 sur 14
Statistiques - réponses
Hint Réponse % Correct
auteurs Emile Zola
83%
année fin 19ème
67%
cycles romanesques sur plusieurs générations
17%
procédés description du milieu
17%
étude du psychique
17%
Guy de Maupassant
17%
métaphores
17%
monde du travail
17%
paysages urbains
17%
principes renforce caractères du réalisme
17%
révolution industrielle
17%
thèmes rôle du physiologique
17%
romans=expérimentations
17%
vocabulaire scpécifique
17%
Aucun quiz correspondant
Distribution des résultats
% des personnes avec chaque résultat
Percentile par nombre de réponses
Votre historique - résultats
Vous n’avez pas pris ce quiz